| 000 | 00541nam a2200181 a 4500 | ||
|---|---|---|---|
| 001 | 000027484 | ||
| 005 | 20200930030852.0 | ||
| 008 | 110401s19uu cl bc 000 0 eng d | ||
| 020 | _a9945060007 | ||
| 040 |
_aDO-SdBNP _bspa _cBNPHU |
||
| 041 | 1 | 7 |
_aeng _2spa |
| 082 |
_axxxx _bG816f |
||
| 245 | 0 | 0 | _aGreetings from the Dominican Repúblic = Saludos desde la República Dominicana. |
| 260 |
_aColombia : _bKaribu Comercial, _c[19--?]. |
||
| 300 |
_a[96 p.] : _bmap, retrs. ; _c28 cm. |
||
| 490 | 1 | _aPhotographs | |
| 830 | 0 |
_aPhotographs _954563 |
|
| 999 |
_c26976 _d26976 |
||